PRÍSPEVOK K ÚČINKU MIKROELEMENTOV NA PROCES DIFERENCIÁCIE A VYTVÁRANIA REPRODUKČNÝCH ORGÁNOV RASTLÍN

Bibliographic Details
Main Author: Herich, Rudolf, 1927-2009 (Author)
Format: Article
Language:Slovak

MARC

LEADER 00000nab a2200000uu 4500
001 vtls011452875
003 SK-MaSNL
005 20260303123334.0
008 230213|1954 xo |||||||||||||||||slo|
015 |a SNBRB 
035 |a (urnnbn)urn:nbn:sk:snk:ar-007y7g 
035 |a (uuid)811615e3-e8b0-4443-a777-c8bc94422706 
035 |a urn:nbn:sk:snk-abcoia 
040 |a SNKBUCL  |b slo  |c SNKBUCL  |e AACR2 
041 0 |a slo 
044 |a xo  |c SK 
100 1 |a Herich, Rudolf,  |d 1927-2009  |4 aut  |9 56749 
245 1 0 |a PRÍSPEVOK K ÚČINKU MIKROELEMENTOV NA PROCES DIFERENCIÁCIE A VYTVÁRANIA REPRODUKČNÝCH ORGÁNOV RASTLÍN  |c Rudolf Herich 
773 0 |t Biológia : časopis Slovenskej akadémie vied  |g Roč. 9, č. 2 (1954), s. 122-134 
954 |a odborná, vedecká literatúra pôvodná (slovenská)  |2 lita 
958 |a OND 
958 |a EUIPO 
958 |a article16 
999 |c 1925369  |d 1927299